[Event "19. Open de la Constitución 2017"]
[Site "San Sebastian de los Reyes ES"]
[Date "2017.12.02"]
[Round "1.1"]
[White "Martin Duque, Jesus"]
[Black "Alvarez Gonzalez, Eduardo"]
[Result "1-0"]
[WhiteElo "2376"]
[BlackElo "1789"]
[PlyCount "69"]
[EventDate "2017.12.02"]
[EventType "swiss"]
[EventRounds "9"]
[EventCountry "ESP"]
[SourceTitle "Ajedrez en Madrid"]
[Source "lmi"]
[SourceDate "2017.12.02"]
[SourceVersion "1"]
[SourceVersionDate "2017.12.16"]
[SourceQuality "1"]

1. e4 c6 2. d4 d5 3. e5 Bf5 4. Be3 e6 5. Nd2 Ne7 6. Nb3 Nd7 7. f4 Qc7 8. Nf3
Bg4 9. Be2 Nf5 10. Bf2 Bxf3 11. Bxf3 c5 12. c3 cxd4 13. cxd4 Bb4+ 14. Kf1 Qd8
15. h4 g6 16. h5 Qb6 17. g4 Ne7 18. a3 Ba5 19. Kg2 O-O-O 20. Qc2+ Kb8 21. Nc5
Qc7 22. b4 Bb6 23. Bg3 Bxc5 24. bxc5 f5 25. exf6 Nc6 26. Qd2 Ka8 27. g5 Qa5 28.
Qxa5 Nxa5 29. Rae1 Nc6 30. Bf2 Nf8 31. Kg3 Re8 32. Bxd5 Rd8 33. Bxc6 bxc6 34.
hxg6 Nxg6 35. Rxe6 1-0

[Event "19. Open de la Constitución 2017"]
[Site "San Sebastian de los Reyes ES"]
[Date "2017.12.02"]
[Round "1.2"]
[White "Rodriguez Bernal, Herman"]
[Black "Hernando Pertierra, Jose C"]
[Result "0-1"]
[WhiteElo "1763"]
[BlackElo "2355"]
[PlyCount "60"]
[EventDate "2017.12.02"]
[EventType "swiss"]
[EventRounds "9"]
[EventCountry "ESP"]
[SourceTitle "Ajedrez en Madrid"]
[Source "lmi"]
[SourceDate "2017.12.02"]
[SourceVersion "1"]
[SourceVersionDate "2017.12.16"]
[SourceQuality "1"]

1. d4 Nf6 2. Bg5 c6 3. Nf3 Ne4 4. Bf4 Qb6 5. Nc3 Nxc3 6. bxc3 d6 7. e3 Nd7 8.
Bc4 Qa5 9. Qd2 e5 10. dxe5 Nxe5 11. Bxe5 dxe5 12. Ng5 Be7 13. Nxf7 Rf8 14. O-O
Rxf7 15. Bxf7+ Kxf7 16. f4 Be6 17. Qd3 Kg8 18. f5 Rd8 19. Qe2 Bf7 20. Qg4 Qxc3
21. f6 Bxf6 22. Rad1 Qxe3+ 23. Kh1 Rxd1 24. Rxd1 h5 25. Qc8+ Kh7 26. Qxb7 Bd5
27. Qd7 Qe2 28. Rg1 Qxc2 29. Qxa7 Bxa2 30. Qe3 Bd5 0-1

[Event "19. Open de la Constitución 2017"]
[Site "San Sebastian de los Reyes ES"]
[Date "2017.12.02"]
[Round "1.3"]
[White "Roa Alonso, Santiago"]
[Black "Rodriguez Garcia, Alberto"]
[Result "1-0"]
[WhiteElo "2354"]
[BlackElo "1727"]
[PlyCount "107"]
[EventDate "2017.12.02"]
[EventType "swiss"]
[EventRounds "9"]
[EventCountry "ESP"]
[SourceTitle "Ajedrez en Madrid"]
[Source "lmi"]
[SourceDate "2017.12.02"]
[SourceVersion "1"]
[SourceVersionDate "2017.12.16"]
[SourceQuality "1"]

1. g3 Nf6 2. Bg2 g6 3. c4 Bg7 4. Nc3 c5 5. Nf3 O-O 6. d4 cxd4 7. Nxd4 Nc6 8.
O-O Qb6 9. Nc2 d6 10. b3 Be6 11. h3 Rac8 12. Bd2 Rfd8 13. e4 Nd7 14. Kh2 Nc5
15. f4 f5 16. exf5 Bxf5 17. Nd5 Qa6 18. Ncb4 Nxb4 19. Nxe7+ Kf8 20. Nxf5 gxf5
21. Bxb4 Qb6 22. Be1 Ne4 23. Rc1 Re8 24. Qh5 Qe3 25. Qxf5+ Kg8 26. Rc2 Nf6 27.
Bf2 Qe7 28. Bxa7 b5 29. Bd4 bxc4 30. Rxc4 Rxc4 31. bxc4 Rf8 32. Rb1 Qe2 33. Rb7
Ng4+ 34. hxg4 Rxf5 35. Rxg7+ Kf8 36. gxf5 Qxc4 37. Bf6 Qxa2 38. Rxh7 Qe2 39.
Ba1 Qa2 40. Rh8+ Kf7 41. Ra8 Qc2 42. Ra7+ Ke8 43. f6 Kf8 44. Kh3 Qf5+ 45. Kh4
Qc5 46. Ra8+ Kf7 47. Bf3 Kg6 48. Be4+ Kf7 49. Rb8 Qg1 50. Rb7+ Kf8 51. Bd5 Qh2+
52. Kg4 Qe2+ 53. Kg5 Qe8 54. Rf7+ 1-0

[Event "19. Open de la Constitución 2017"]
[Site "San Sebastian de los Reyes ES"]
[Date "2017.12.02"]
[Round "1.4"]
[White "Lopez Orellana, Federico"]
[Black "Elissalt Cardenas, Hector"]
[Result "0-1"]
[WhiteElo "1727"]
[BlackElo "2339"]
[PlyCount "74"]
[EventDate "2017.12.02"]
[EventType "swiss"]
[EventRounds "9"]
[EventCountry "ESP"]
[SourceTitle "Ajedrez en Madrid"]
[Source "lmi"]
[SourceDate "2017.12.02"]
[SourceVersion "1"]
[SourceVersionDate "2017.12.16"]
[SourceQuality "1"]

1. d4 Nf6 2. e3 e6 3. Bd3 b6 4. Nd2 Bb7 5. Ngf3 d6 6. O-O Nbd7 7. Qe2 a6 8. c3
g6 9. e4 Bg7 10. Rd1 O-O 11. Nf1 e5 12. d5 Nh5 13. g3 Bc8 14. Bg5 Qe8 15. b4 f5
16. Bd2 Ndf6 17. Rac1 fxe4 18. Bxe4 Nxe4 19. Qxe4 Nf6 20. Qe2 Nxd5 21. Qe4 c6
22. Nh4 b5 23. Ne3 Nf6 24. Qd3 d5 25. Re1 Ra7 26. Nc2 Ne4 27. Be3 Raf7 28. f3
Nd6 29. Bc5 Qd8 30. Rf1 Re8 31. Rce1 Bf6 32. Ng2 Bf5 33. Qd2 Nc4 34. Qd1 Nb2
35. Qd2 Nd3 36. Rd1 Nxc5 37. bxc5 Qe7 0-1

[Event "19. Open de la Constitución 2017"]
[Site "San Sebastian de los Reyes ES"]
[Date "2017.12.02"]
[Round "1.5"]
[White "Lianes Garcia, Marcos"]
[Black "De Dompablo Fantova, Juan"]
[Result "1-0"]
[WhiteElo "2300"]
[BlackElo "1686"]
[PlyCount "59"]
[EventDate "2017.12.02"]
[EventType "swiss"]
[EventRounds "9"]
[EventCountry "ESP"]
[SourceTitle "Ajedrez en Madrid"]
[Source "lmi"]
[SourceDate "2017.12.02"]
[SourceVersion "1"]
[SourceVersionDate "2017.12.16"]
[SourceQuality "1"]

1. e4 g6 2. h4 d6 3. d4 Bg7 4. Nc3 h5 5. Be3 Nf6 6. Qd2 c6 7. f3 b5 8. Nh3 a5
9. a4 b4 10. Nd1 Qc7 11. c3 bxc3 12. bxc3 Nbd7 13. Ng5 Nb6 14. Qa2 O-O 15. Nf2
Bd7 16. Nd3 c5 17. Nf4 e6 18. dxc5 dxc5 19. Bb5 Bxb5 20. axb5 Qe5 21. Kf2 Nfd7
22. Rac1 a4 23. Rhd1 a3 24. Ne2 Ra4 25. Bf4 Qf6 26. Rd6 Qe7 27. Rcd1 Rc4 28.
Rxd7 Qf6 29. R7d6 Rxc3 30. Rxb6 1-0

[Event "19. Open de la Constitución 2017"]
[Site "San Sebastian de los Reyes ES"]
[Date "2017.12.02"]
[Round "1.6"]
[White "Martinez Miura, Enrique"]
[Black "Quevedo Marin, Manuel"]
[Result "0-1"]
[WhiteElo "1643"]
[BlackElo "2241"]
[PlyCount "60"]
[EventDate "2017.12.02"]
[EventType "swiss"]
[EventRounds "9"]
[EventCountry "ESP"]
[SourceTitle "Ajedrez en Madrid"]
[Source "lmi"]
[SourceDate "2017.12.02"]
[SourceVersion "1"]
[SourceVersionDate "2017.12.16"]
[SourceQuality "1"]

1. e4 e5 2. Nf3 Nc6 3. Bb5 a6 4. Bxc6 dxc6 5. Nc3 Qd6 6. h3 c5 7. O-O Ne7 8.
Re1 f6 9. d3 Be6 10. Be3 Nc6 11. a3 Nd4 12. Bxd4 cxd4 13. Ne2 g5 14. Nh2 h5 15.
Kf1 g4 16. h4 Bh6 17. g3 O-O-O 18. Kg2 f5 19. exf5 Bxf5 20. Nc1 Rhe8 21. Nb3 e4
22. dxe4 Bxe4+ 23. Kg1 c5 24. Nd2 Bc6 25. Nc4 Qf6 26. Qd3 Kb8 27. b4 cxb4 28.
axb4 Rf8 29. Re2 Bb5 30. Qb3 d3 0-1

[Event "19. Open de la Constitución 2017"]
[Site "San Sebastian de los Reyes ES"]
[Date "2017.12.02"]
[Round "1.7"]
[White "Perez Gonzalez, Jose Manuel"]
[Black "Criado Jimenez, Jose"]
[Result "1-0"]
[WhiteElo "2226"]
[BlackElo "1615"]
[PlyCount "33"]
[EventDate "2017.12.02"]
[EventType "swiss"]
[EventRounds "9"]
[EventCountry "ESP"]
[SourceTitle "Ajedrez en Madrid"]
[Source "lmi"]
[SourceDate "2017.12.02"]
[SourceVersion "1"]
[SourceVersionDate "2017.12.16"]
[SourceQuality "1"]

1. e4 e6 2. d4 b6 3. Nf3 Bb7 4. Bd3 c5 5. c3 Nf6 6. Qe2 Be7 7. O-O O-O 8. Bg5
d6 9. Nbd2 Nbd7 10. a4 Re8 11. a5 Nd5 12. a6 Bc8 13. exd5 Bxg5 14. Nxg5 Qxg5
15. Nc4 Bxa6 16. Rxa6 exd5 17. Qd2 1-0

[Event "19. Open de la Constitución 2017"]
[Site "San Sebastian de los Reyes ES"]
[Date "2017.12.02"]
[Round "1.8"]
[White "Alfaya Martinez, Enrique"]
[Black "Alfaya Marcelo, Roberto"]
[Result "0-1"]
[WhiteElo "1613"]
[BlackElo "2193"]
[PlyCount "66"]
[EventDate "2017.12.02"]
[EventType "swiss"]
[EventRounds "9"]
[EventCountry "ESP"]
[SourceTitle "Ajedrez en Madrid"]
[Source "lmi"]
[SourceDate "2017.12.02"]
[SourceVersion "1"]
[SourceVersionDate "2017.12.16"]
[SourceQuality "1"]

1. d4 c5 2. d5 Nf6 3. Nc3 d6 4. e4 g6 5. Nf3 Bg7 6. Bf4 O-O 7. Qd2 Re8 8. Bh6
Bh8 9. Be2 a6 10. Ng5 b5 11. a3 Nbd7 12. f4 b4 13. axb4 cxb4 14. Na2 b3 15.
cxb3 Nc5 16. Qc2 Bg4 17. Nb4 Bxe2 18. Qxe2 Qb6 19. Nc6 Nxb3 20. Ra3 Nd4 21.
Nxd4 Qxd4 22. Rd3 Qb4+ 23. Kf2 Rab8 24. b3 Qc5+ 25. Kf3 Rb4 26. e5 Nxd5 27.
exd6 Rxf4+ 28. Kg3 Rf5 29. Ne6 Qxd6+ 30. Nf4 Nxf4 31. Rxd6 Nxe2+ 32. Kg4 exd6
33. Re1 Re4+ 0-1

[Event "19. Open de la Constitución 2017"]
[Site "San Sebastian de los Reyes ES"]
[Date "2017.12.02"]
[Round "1.9"]
[White "Pastor Alonso De Prado, Alberto"]
[Black "Vazquez Rodriguez, Francisco"]
[Result "1-0"]
[WhiteElo "2166"]
[BlackElo "1585"]
[PlyCount "63"]
[EventDate "2017.12.02"]
[EventType "swiss"]
[EventRounds "9"]
[EventCountry "ESP"]
[SourceTitle "Ajedrez en Madrid"]
[Source "lmi"]
[SourceDate "2017.12.02"]
[SourceVersion "1"]
[SourceVersionDate "2017.12.16"]
[SourceQuality "1"]

1. e4 c5 2. c3 d6 3. d4 Nf6 4. Bd3 Nc6 5. Nf3 Bg4 6. d5 Bxf3 7. Qxf3 Ne5 8.
Bb5+ Nfd7 9. Qh3 a6 10. Be2 Nf6 11. Nd2 Qc8 12. Qxc8+ Rxc8 13. O-O e6 14. f4
Ng6 15. dxe6 fxe6 16. Bc4 Kd7 17. f5 d5 18. fxe6+ Kxe6 19. exd5+ Nxd5 20. Nf3
Be7 21. Bg5 b5 22. Rfe1+ Kd6 23. Bxd5 Bxg5 24. Be6 Bf6 25. Rad1+ Kc6 26. Bxc8
Rxc8 27. Re6+ Kb7 28. Rdd6 Kc7 29. Rc6+ Kb7 30. Rb6+ Kc7 31. Rxa6 Rd8 32. Rec6+
1-0

[Event "19. Open de la Constitución 2017"]
[Site "San Sebastian de los Reyes ES"]
[Date "2017.12.02"]
[Round "1.10"]
[White "Moreno Uribarri, Miguel"]
[Black "Lozano Suarez, Luis Miguel"]
[Result "0-1"]
[WhiteElo "1582"]
[BlackElo "2163"]
[PlyCount "70"]
[EventDate "2017.12.02"]
[EventType "swiss"]
[EventRounds "9"]
[EventCountry "ESP"]
[SourceTitle "Ajedrez en Madrid"]
[Source "lmi"]
[SourceDate "2017.12.02"]
[SourceVersion "1"]
[SourceVersionDate "2017.12.16"]
[SourceQuality "1"]

1. e4 e5 2. Nf3 Nc6 3. Bc4 Bc5 4. b4 Bxb4 5. c3 Be7 6. d4 Na5 7. Be2 d6 8. O-O
Nf6 9. dxe5 dxe5 10. Qa4+ c6 11. Nxe5 O-O 12. Rd1 Qc7 13. Bf4 b5 14. Qc2 Qb6
15. Be3 Bc5 16. Bd4 Be6 17. Nf3 Rad8 18. Nbd2 Bxd4 19. cxd4 h6 20. Rac1 Rd7 21.
e5 Nd5 22. Qe4 g6 23. Qh4 Kg7 24. Ne4 Qd8 25. Nf6 Nxf6 26. exf6+ Qxf6 27. Qxf6+
Kxf6 28. Ne5 Rd6 29. Bf3 Rfd8 30. Bxc6 Rxd4 31. Rxd4 Rxd4 32. Nf3 Nxc6 33. Nxd4
Nxd4 34. Rd1 Ne2+ 35. Kf1 Nc3 0-1

[Event "19. Open de la Constitución 2017"]
[Site "San Sebastian de los Reyes ES"]
[Date "2017.12.02"]
[Round "1.11"]
[White "Torres Boch, Jose F"]
[Black "Garcia Lopez, Fernando"]
[Result "1-0"]
[WhiteElo "2143"]
[BlackElo "1573"]
[PlyCount "89"]
[EventDate "2017.12.02"]
[EventType "swiss"]
[EventRounds "9"]
[EventCountry "ESP"]
[SourceTitle "Ajedrez en Madrid"]
[Source "lmi"]
[SourceDate "2017.12.02"]
[SourceVersion "1"]
[SourceVersionDate "2017.12.16"]
[SourceQuality "1"]

1. e4 e5 2. Nf3 Nc6 3. Bc4 Bc5 4. O-O Nf6 5. d3 d6 6. c3 a6 7. a4 O-O 8. b4 Ba7
9. Nbd2 Be6 10. Bxe6 fxe6 11. b5 axb5 12. Qb3 Qd7 13. Qxb5 Ne7 14. Ba3 Qxb5 15.
axb5 Ng6 16. g3 h6 17. Bb4 Nd7 18. Ra3 Bc5 19. Rfa1 Rxa3 20. Rxa3 Bxb4 21. cxb4
Nb6 22. Ra7 Rb8 23. Nb3 Nc8 24. Ra2 Nge7 25. d4 exd4 26. Nfxd4 Kf7 27. f4 Nb6
28. Na5 e5 29. fxe5 dxe5 30. Rf2+ Kg8 31. Nf3 Nd7 32. Rc2 c6 33. Kf2 Nf6 34.
Ke3 cxb5 35. Nxe5 b6 36. Nac6 Nxc6 37. Rxc6 Re8 38. Kf4 Nh5+ 39. Kf5 Nf6 40. g4
Kf8 41. h4 Rd8 42. Ng6+ Kg8 43. Rxb6 Rd4 44. Rb8+ Kf7 45. Rf8# 1-0

[Event "19. Open de la Constitución 2017"]
[Site "San Sebastian de los Reyes ES"]
[Date "2017.12.02"]
[Round "1.12"]
[White "Nuevo Benitez, Miguel Angel"]
[Black "Robles Diaz, Jose Alberto"]
[Result "0-1"]
[WhiteElo "1571"]
[BlackElo "2136"]
[PlyCount "41"]
[EventDate "2017.12.02"]
[EventType "swiss"]
[EventRounds "9"]
[EventCountry "ESP"]
[SourceTitle "Ajedrez en Madrid"]
[Source "lmi"]
[SourceDate "2017.12.02"]
[SourceVersion "1"]
[SourceVersionDate "2017.12.16"]
[SourceQuality "1"]

1. f4 d5 2. Nf3 Nf6 3. e3 Bg4 4. b3 Nbd7 5. Bb2 c6 6. h3 Bxf3 7. Qxf3 Qc7 8. d3
e5 9. Nd2 Bd6 10. g3 h5 11. h4 O-O-O 12. Bh3 Kb8 13. O-O-O Rhe8 14. Bxd7 Rxd7
15. Rhe1 Rde7 16. fxe5 Bxe5 17. Bxe5 Qxe5 18. Kb1 Qe6 19. Re2 Qg4 20. Qg2 Rxe3
21. Rxe3 0-1

[Event "19. Open de la Constitución 2017"]
[Site "San Sebastian de los Reyes ES"]
[Date "2017.12.02"]
[Round "1.13"]
[White "Cardenas Serrano, Sergio"]
[Black "Yaniz Lana, Francisco Javier"]
[Result "1-0"]
[WhiteElo "2123"]
[BlackElo "1570"]
[PlyCount "63"]
[EventDate "2017.12.02"]
[EventType "swiss"]
[EventRounds "9"]
[EventCountry "ESP"]
[SourceTitle "Ajedrez en Madrid"]
[Source "lmi"]
[SourceDate "2017.12.02"]
[SourceVersion "1"]
[SourceVersionDate "2017.12.16"]
[SourceQuality "1"]

1. e4 c5 2. Nc3 Nc6 3. f4 e6 4. Nf3 g6 5. Bb5 Bg7 6. Bxc6 bxc6 7. O-O Ne7 8. e5
O-O 9. Ne4 Qb6 10. c4 Nf5 11. b3 Rd8 12. Ba3 d6 13. exd6 Nxd6 14. Bxc5 Qc7 15.
Nxd6 Bxa1 16. Qxa1 Rxd6 17. Bxd6 Qxd6 18. Ng5 Bb7 19. Qh8+ Kxh8 20. Nxf7+ Kg7
21. Nxd6 Ba6 22. Re1 Kf6 23. Ne4+ Kf5 24. Nc5 Bc8 25. g3 a5 26. Re5+ Kf6 27.
Kf2 h5 28. d4 Ra7 29. Ke3 Ra8 30. h3 Rb8 31. Ne4+ Ke7 32. Rxa5 1-0

[Event "19. Open de la Constitución 2017"]
[Site "San Sebastian de los Reyes ES"]
[Date "2017.12.02"]
[Round "1.14"]
[White "Quintero Cuervo, Edgar"]
[Black "Perez Ordoñez, Jose Ramon"]
[Result "0-1"]
[WhiteElo "1566"]
[BlackElo "2066"]
[PlyCount "79"]
[EventDate "2017.12.02"]
[EventType "swiss"]
[EventRounds "9"]
[EventCountry "ESP"]
[SourceTitle "Ajedrez en Madrid"]
[Source "lmi"]
[SourceDate "2017.12.02"]
[SourceVersion "1"]
[SourceVersionDate "2017.12.16"]
[SourceQuality "1"]

1. d4 Nf6 2. c4 e6 3. Nf3 b6 4. e3 Bb7 5. Be2 Be7 6. Nc3 O-O 7. O-O c5 8. Qc2
Nc6 9. a3 d6 10. d5 exd5 11. cxd5 Nb8 12. e4 a6 13. a4 Nbd7 14. Bf4 Nh5 15. Be3
g6 16. Bh6 Re8 17. g4 Ng7 18. Qd2 Bf6 19. g5 Be7 20. Nh4 Bc8 21. f4 f6 22. Rf2
Nf8 23. Raf1 Bh3 24. Ng2 Nd7 25. Qe3 Bxg2 26. Kxg2 Bf8 27. Qh3 Qe7 28. Bg4 Rad8
29. f5 gxf5 30. exf5 b5 31. Re2 Qf7 32. Re6 Be7 33. Ne4 b4 34. Kh1 Rc8 35. g6
hxg6 36. fxg6 Qxg6 37. Bh5 Qxh5 38. Qxh5 Nxh5 39. Rg1+ Kh7 40. Bf4 0-1

[Event "19. Open de la Constitución 2017"]
[Site "San Sebastian de los Reyes ES"]
[Date "2017.12.02"]
[Round "1.15"]
[White "Hernandez Ramos, David"]
[Black "Osuna Osuna, Francisco"]
[Result "1-0"]
[WhiteElo "2054"]
[BlackElo "1565"]
[PlyCount "71"]
[EventDate "2017.12.02"]
[EventType "swiss"]
[EventRounds "9"]
[EventCountry "ESP"]
[SourceTitle "Ajedrez en Madrid"]
[Source "lmi"]
[SourceDate "2017.12.02"]
[SourceVersion "1"]
[SourceVersionDate "2017.12.16"]
[SourceQuality "1"]

1. d4 d5 2. c4 e5 3. e3 exd4 4. Qxd4 Nf6 5. cxd5 Qxd5 6. Nf3 Qxd4 7. Nxd4 Bd7
8. Be2 Bd6 9. Bf3 c6 10. O-O O-O 11. Rd1 Bc7 12. Bd2 Bg4 13. Bxg4 Nxg4 14. h3
Nf6 15. Bb4 Re8 16. Nf5 Nd5 17. Bd6 Na6 18. Bxc7 Naxc7 19. Nd6 Re7 20. Nxb7 Rb8
21. Na5 Rxb2 22. Nxc6 Re6 23. Nd4 Rg6 24. Nf5 Kf8 25. Rd2 Rgb6 26. Rxb2 Rxb2
27. Nd4 Nb5 28. Nc6 a6 29. a4 Nbc3 30. Nxc3 Nxc3 31. Nd4 Ne4 32. f3 Nd6 33. Rc1
Rb4 34. Rc6 Nc4 35. Rxa6 Nxe3 36. Ra8+ 1-0

[Event "19. Open de la Constitución 2017"]
[Site "San Sebastian de los Reyes ES"]
[Date "2017.12.02"]
[Round "1.16"]
[White "Villodre Miranda, Juan Alonso"]
[Black "Anton Quevedo, Andrea"]
[Result "0-1"]
[WhiteElo "1552"]
[BlackElo "1994"]
[PlyCount "72"]
[EventDate "2017.12.02"]
[EventType "swiss"]
[EventRounds "9"]
[EventCountry "ESP"]
[SourceTitle "Ajedrez en Madrid"]
[Source "lmi"]
[SourceDate "2017.12.02"]
[SourceVersion "1"]
[SourceVersionDate "2017.12.16"]
[SourceQuality "1"]

1. c4 Nf6 2. Nc3 c5 3. e4 Nc6 4. g3 d6 5. h3 g6 6. Bg2 Bg7 7. Nge2 Be6 8. d3
Qc8 9. Nf4 Bd7 10. Nfd5 O-O 11. Nxf6+ Bxf6 12. Bh6 Re8 13. Qd2 Rb8 14. a4 Nb4
15. b3 a6 16. h4 b5 17. O-O bxc4 18. dxc4 Nc6 19. Rab1 Nd4 20. Nd5 Bg7 21. Bxg7
Kxg7 22. Qc3 e5 23. Rfe1 Bg4 24. f3 Be6 25. Bf1 Qd7 26. Kh2 Rb7 27. a5 Bxd5 28.
cxd5 Reb8 29. Bc4 Rb4 30. Re3 Qd8 31. f4 exf4 32. Rf3 Rxc4 33. Qxc4 Nxf3+ 34.
Kg2 Nd4 35. Qc3 fxg3 36. Kxg3 Qf6 0-1

[Event "19. Open de la Constitución 2017"]
[Site "San Sebastian de los Reyes ES"]
[Date "2017.12.02"]
[Round "1.17"]
[White "Lozano Freras, Sergio"]
[Black "Gonzalez Garcia, Luis"]
[Result "1-0"]
[WhiteElo "1972"]
[BlackElo "1551"]
[PlyCount "49"]
[EventDate "2017.12.02"]
[EventType "swiss"]
[EventRounds "9"]
[EventCountry "ESP"]
[SourceTitle "Ajedrez en Madrid"]
[Source "lmi"]
[SourceDate "2017.12.02"]
[SourceVersion "1"]
[SourceVersionDate "2017.12.16"]
[SourceQuality "1"]

1. e4 d6 2. d4 Nf6 3. Nc3 Nbd7 4. Nf3 e5 5. Bc4 Be7 6. O-O O-O 7. Re1 c6 8. a4
a5 9. h3 h6 10. b3 Qc7 11. Ba3 Re8 12. Bd3 Nf8 13. Ne2 Ne6 14. dxe5 dxe5 15.
Bb2 Bd6 16. Qd2 Nc5 17. Ng3 Be6 18. Rad1 Rad8 19. Qc1 b6 20. Qa1 Bc8 21. Bc4
Ncd7 22. Nf5 Bf8 23. Nxe5 Nxe5 24. Rxd8 Rxd8 25. Bxe5 1-0

[Event "19. Open de la Constitución 2017"]
[Site "San Sebastian de los Reyes ES"]
[Date "2017.12.02"]
[Round "1.18"]
[White "Karunanithi, Bharath"]
[Black "Garcia Prados, David"]
[Result "0-1"]
[WhiteElo "1550"]
[BlackElo "1953"]
[PlyCount "124"]
[EventDate "2017.12.02"]
[EventType "swiss"]
[EventRounds "9"]
[EventCountry "ESP"]
[SourceTitle "Ajedrez en Madrid"]
[Source "lmi"]
[SourceDate "2017.12.02"]
[SourceVersion "1"]
[SourceVersionDate "2017.12.16"]
[SourceQuality "1"]

1. d4 Nf6 2. Nf3 e6 3. g3 b6 4. Bg2 Bb7 5. c4 Bb4+ 6. Bd2 Bxd2+ 7. Nbxd2 d6 8.
O-O Nbd7 9. Re1 O-O 10. e4 e5 11. dxe5 dxe5 12. Qc2 Qe7 13. Nb1 Rfd8 14. Nc3 c6
15. Rad1 Nf8 16. Rxd8 Rxd8 17. Rd1 Ng6 18. a3 Rd6 19. Rd2 Qd8 20. Qd1 Rxd2 21.
Qxd2 Qxd2 22. Nxd2 Bc8 23. h3 Kf8 24. Kf1 Ke7 25. Ke2 h5 26. Nf3 Ne8 27. Ke3
Nd6 28. Bf1 Be6 29. b3 f6 30. h4 Nb7 31. Nb1 Bg4 32. b4 Bxf3 33. Kxf3 Nf8 34.
Bh3 Nd8 35. Nd2 Nfe6 36. Bxe6 Nxe6 37. Nb3 c5 38. bxc5 bxc5 39. Ke3 Kd6 40. Kd3
Nd4 41. Kc3 g5 42. Nxd4 exd4+ 43. Kd3 g4 44. Ke2 Ke5 45. f3 gxf3+ 46. Kxf3 f5
47. exf5 Kxf5 48. a4 a5 49. Kf2 Kg4 50. Kg2 d3 51. Kf2 d2 52. Ke2 Kxg3 53. Kxd2
Kxh4 54. Ke3 Kg3 55. Ke4 h4 56. Kd5 h3 57. Kxc5 h2 58. Kb5 h1=Q 59. c5 Qb7+ 60.
Kxa5 Qc6 61. Kb4 Kf4 62. a5 Ke5 0-1

[Event "19. Open de la Constitución 2017"]
[Site "San Sebastian de los Reyes ES"]
[Date "2017.12.02"]
[Round "1.19"]
[White "Vazquez Gonzalez, Jesus"]
[Black "Ojosnegros Martin, Angel"]
[Result "1-0"]
[WhiteElo "1943"]
[BlackElo "1519"]
[PlyCount "77"]
[EventDate "2017.12.02"]
[EventType "swiss"]
[EventRounds "9"]
[EventCountry "ESP"]
[SourceTitle "Ajedrez en Madrid"]
[Source "lmi"]
[SourceDate "2017.12.02"]
[SourceVersion "1"]
[SourceVersionDate "2017.12.16"]
[SourceQuality "1"]

1. e4 e5 2. Nf3 Nc6 3. Bc4 Bc5 4. d3 d6 5. h3 Nf6 6. O-O Na5 7. Nbd2 Nxc4 8.
Nxc4 h6 9. c3 Be6 10. b4 Bxc4 11. bxc5 Bb5 12. Rb1 Qd7 13. cxd6 cxd6 14. Re1
O-O 15. d4 exd4 16. Qxd4 Rfc8 17. Bf4 Rc4 18. Qxd6 Nxe4 19. Qxd7 Bxd7 20. Ne5
Ra4 21. Nxd7 Nxc3 22. Rb3 Nxa2 23. g3 Rb4 24. Ra3 Rb2 25. Be5 Rc2 26. Ra1 Rd8
27. R3xa2 Rxa2 28. Rxa2 Rxd7 29. Rxa7 Rd5 30. Bc3 Rc5 31. Ba5 Rc1+ 32. Kg2 b5
33. Rb7 Rb1 34. Kf3 Kf8 35. Bb6 g5 36. Ke4 Kg7 37. Bd4+ Kg6 38. Rb6+ Kh5 39.
g4+ 1-0

[Event "19. Open de la Constitución 2017"]
[Site "San Sebastian de los Reyes ES"]
[Date "2017.12.02"]
[Round "1.20"]
[White "Braziunaite, Rasa"]
[Black "Bartolome Martin, Angel"]
[Result "0-1"]
[WhiteElo "1517"]
[BlackElo "1936"]
[PlyCount "80"]
[EventDate "2017.12.02"]
[EventType "swiss"]
[EventRounds "9"]
[EventCountry "ESP"]
[SourceTitle "Ajedrez en Madrid"]
[Source "lmi"]
[SourceDate "2017.12.02"]
[SourceVersion "1"]
[SourceVersionDate "2017.12.16"]
[SourceQuality "1"]

1. b3 e5 2. Bb2 Nc6 3. e3 Nf6 4. Bb5 Bd6 5. Ne2 O-O 6. O-O Ne7 7. c3 Ng6 8. Bd3
e4 9. Bc2 Bxh2+ 10. Kh1 Be5 11. g3 d5 12. d3 Bg4 13. dxe4 Bf3+ 14. Kg1 Qc8 15.
Nd2 dxe4 16. Nxf3 exf3 17. Nd4 Bxd4 18. cxd4 Nh4 19. Kh2 Qg4 20. Rh1 Ng6 21.
Kg1 Ne4 22. Bxe4 Qxe4 23. Rc1 Rac8 24. Rc4 Rfd8 25. Qc2 f5 26. Kh2 c6 27. Qc3
Rd5 28. Rc5 Rcd8 29. Rxd5 Rxd5 30. Qc4 h5 31. Qf1 h4 32. Rg1 hxg3+ 33. Rxg3 f4
34. Rh3 fxe3 35. fxe3 Qc2+ 36. Kh1 Qxb2 37. Rh2 Qc3 38. Qxf3 Qe1+ 39. Kg2 Rg5+
40. Kh3 Qh4# 0-1

[Event "19. Open de la Constitución 2017"]
[Site "San Sebastian de los Reyes ES"]
[Date "2017.12.02"]
[Round "1.21"]
[White "Vazquez Gonzalez, Francisco"]
[Black "Rial Rodriguez, Marta"]
[Result "1-0"]
[WhiteElo "1931"]
[BlackElo "1509"]
[PlyCount "113"]
[EventDate "2017.12.02"]
[EventType "swiss"]
[EventRounds "9"]
[EventCountry "ESP"]
[SourceTitle "Ajedrez en Madrid"]
[Source "lmi"]
[SourceDate "2017.12.02"]
[SourceVersion "1"]
[SourceVersionDate "2017.12.16"]
[SourceQuality "1"]

1. e4 c5 2. Nc3 d6 3. a3 Nc6 4. Bc4 Nf6 5. d3 g6 6. Ba2 Bg7 7. h3 O-O 8. Nf3
Bd7 9. O-O Rb8 10. Re1 b5 11. Ne2 a5 12. Ng3 b4 13. a4 Na7 14. Bb3 Nc8 15. e5
dxe5 16. Nxe5 Nb6 17. Qe2 e6 18. Bg5 Qc7 19. Ne4 Nxe4 20. Qxe4 Qxe5 21. Qxe5
Bxe5 22. Rxe5 f6 23. Rxc5 fxg5 24. Rxa5 Rf5 25. Ra7 Bc8 26. a5 Nd5 27. Bc4 Rf7
28. Rxf7 Kxf7 29. Kh2 Bb7 30. a6 Ba8 31. Ra5 Kf6 32. Rc5 Ke5 33. c3 bxc3 34.
bxc3 Kd6 35. d4 Nxc3 36. Rxg5 Ne4 37. Re5 Nxf2 38. Rxe6+ Kd7 39. Rf6 Ne4 40.
Rf7+ Kd6 41. Rxh7 Rb4 42. Rh8 Bc6 43. d5 Bxd5 44. Bxd5 Kxd5 45. a7 Ra4 46.
a8=Q+ Rxa8 47. Rxa8 Ke5 48. Re8+ Kf5 49. Rxe4 Kxe4 50. Kg3 Ke5 51. Kg4 Kf6 52.
Kf4 g5+ 53. Kg4 Kg6 54. g3 Kf6 55. Kh5 Kf5 56. g4+ Kf6 57. Kh6 1-0